[Event "Mallorca-chT Preferente"]
[Site "Mallorca"]
[Date "2016.03.06"]
[Round "3.6"]
[White "Oliver Jaume, Fernando"]
[Black "Astorga Talavera, Juan Manuel"]
[Result "0-1"]
[WhiteElo "1800"]
[BlackElo "1879"]
[PlyCount "106"]
[EventDate "2016.03.01"]
[EventType "team-tourn"]
[EventRounds "9"]
[EventCountry "ESP"]
[SourceTitle "EXT 2024"]
[Source "ChessBase"]
[SourceDate "2023.10.10"]
[SourceVersion "1"]
[SourceVersionDate "2023.10.10"]
[SourceQuality "1"]
[WhiteTeam "Alcudia"]
[BlackTeam "Can Tiu Alaro Dragonera"]
[WhiteTeamCountry "ESP"]
[BlackTeamCountry "ESP"]

1. e4 e5 2. f4 d5 3. exd5 exf4 4. Nf3 Nf6 5. d4 Nxd5 6. Bd3 Qe7+ 7. Kf2 Ne3 8. Qe2 Ng4+ 9. Kf1 Qxe2+ 10. Kxe2 Bd6 11. Re1 0-0 12. Kf1 Nc6 13. a3 a5 14. c4 b6 15. Nc3 Ba6 16. Nd5 Rad8 17. Bd2 Rfe8 18. b4 axb4 19. axb4 Bb7 20. h3 Ne3+ 21. Nxe3 fxe3 22. Rxe3 Rxe3 23. Bxe3 Nxb4 24. Bf5 g6 25. Bb1 Bxf3 26. gxf3 Nc6 27. Be4 Ne7 28. Ra7 f5 29. Bc2 Kg7 30. c5 bxc5 31. dxc5 Be5 32. Bg5 Nc6 33. Rb7 Rb8 34. Rxb8 Nxb8 35. Ba4 f4 36. Bh4 h6 37. Ke2 g5 38. Bf2 Kf6 39. Kd3 c6 40. Ke4 Ba1 41. h4 Bb2 42. Kd3 Be5 43. Kc4 h5 44. hxg5+ Kxg5 45. Kd3 h4 46. Ke2 h3 47. Kf1 Bc3 48. Kg1 Kf5 49. Bc2+ Ke5 50. Be4 Bd4 51. Bxd4+ Kxd4 52. Kh2 Kxc5 53. Kxh3 Kd4 0-1

[Event "Mallorca-chT Preferente"]
[Site "Palma de Mallorca"]
[Date "2001.03.31"]
[Round "13.4"]
[White "Ruiz Vinals, Matias"]
[Black "Astorga Talavera, Juan Manuel"]
[Result "1/2-1/2"]
[WhiteElo "2104"]
[BlackElo "1999"]
[PlyCount "63"]
[EventDate "2001.01.13"]
[EventType "team-tourn"]
[EventRounds "14"]
[EventCountry "ESP"]
[SourceTitle "EXT 2002"]
[Source "ChessBase"]
[SourceDate "2001.11.25"]
[SourceVersion "1"]
[SourceVersionDate "2001.11.25"]
[SourceQuality "1"]

1. d4 d5 2. c4 e6 3. Nf3 Nf6 4. Nc3 Be7 5. Bf4 c6 6. e3 Ne4 7. Bd3 f5 8. Ne5 0-0 9. h3 Nd7 10. Qc2 Nd6 11. cxd5 cxd5 12. g4 Nxe5 13. Bxe5 Ne4 14. gxf5 Nxc3 15. bxc3 exf5 16. 0-0-0 Be6 17. Qb3 Rf7 18. Rhg1 Qa5 19. Kd2 Rc8 20. Rc1 b6 21. Ke2 Qa3 22. Rc2 Bd6 23. Qxa3 Bxa3 24. Ba6 Rd8 25. f3 Bd6 26. f4 Bxe5 27. dxe5 Rc7 28. Rgc1 Rc5 29. a4 Ra5 30. Bb5 a6 31. Bd3 Rxa4 32. c4 1/2-1/2

[Event "Mallorca-chT Preferente"]
[Site "Palma de Mallorca"]
[Date "2001.03.01"]
[Round "8.5"]
[White "Astorga Talavera, Juan Manuel"]
[Black "Pulido Sancho, Alfredo"]
[Result "1-0"]
[WhiteElo "1999"]
[BlackElo "2086"]
[PlyCount "97"]
[EventDate "2001.01.13"]
[EventType "team-tourn"]
[EventRounds "14"]
[EventCountry "ESP"]
[SourceTitle "EXT 2002"]
[Source "ChessBase"]
[SourceDate "2001.11.25"]
[SourceVersion "1"]
[SourceVersionDate "2001.11.25"]
[SourceQuality "1"]

1. d4 Nf6 2. c4 e6 3. Nc3 d5 4. Nf3 Be7 5. Bf4 c6 6. e3 Nbd7 7. Bd3 0-0 8. 0-0 dxc4 9. Bxc4 b5 10. Bd3 a6 11. Rc1 Bb7 12. Ne4 Nxe4 13. Bxe4 Rc8 14. Ne5 Nxe5 15. Bxe5 Bd6 16. Bxd6 Qxd6 17. Rc5 f5 18. Bd3 Rcd8 19. Qc2 Qe7 20. Rc1 Rd5 21. Rxd5 exd5 22. Bxf5 Qh4 23. g3 Qh5 24. Bd3 Rf6 25. Qd1 Qe8 26. Be2 g6 27. Bg4 h5 28. Bh3 h4 29. Qg4 hxg3 30. hxg3 Qf7 31. Rf1 a5 32. Qd7 b4 33. Qxf7+ Kxf7 34. Rc1 g5 35. Bg2 Ke6 36. Rc5 a4 37. Ra5 a3 38. bxa3 bxa3 39. Rxa3 g4 40. Ra7 Bc8 41. a4 Kd6 42. a5 c5 43. dxc5+ Kxc5 44. Rc7+ Rc6 45. Rxc6+ Kxc6 46. Bf1 Kc5 47. Be2 d4 48. exd4+ Kxd4 49. a6 1-0

[Event "Mallorca-chT Preferente"]
[Site "Palma de Mallorca"]
[Date "2001.02.17"]
[Round "6.5"]
[White "March Morla, David"]
[Black "Astorga Talavera, Juan Manuel"]
[Result "0-1"]
[WhiteElo "2072"]
[BlackElo "1999"]
[PlyCount "86"]
[EventDate "2001.01.13"]
[EventType "team-tourn"]
[EventRounds "14"]
[EventCountry "ESP"]
[SourceTitle "EXT 2002"]
[Source "ChessBase"]
[SourceDate "2001.11.25"]
[SourceVersion "1"]
[SourceVersionDate "2001.11.25"]
[SourceQuality "1"]

1. e4 e5 2. Nf3 Nc6 3. Nc3 Bc5 4. Nxe5 Bxf2+ 5. Kxf2 Nxe5 6. d4 Ng6 7. Bc4 Qh4+ 8. g3 Qf6+ 9. Kg2 Qc6 10. Qe2 N8e7 11. d5 Qd6 12. Nb5 Qe5 13. d6 cxd6 14. Nc7+ Kd8 15. Nxa8 b5 16. Bd3 Bb7 17. Rf1 f5 18. Kg1 fxe4 19. Bxb5 Bxa8 20. Be3 h5 21. Rad1 h4 22. Bd4 Qe6 23. g4 h3 24. Bc4 d5 25. Bb3 Nh4 26. c3 Nf3+ 27. Rxf3 Qxg4+ 28. Kh1 exf3 29. Qf2 Qg2+ 30. Qxg2 fxg2+ 31. Kg1 Rf8 32. Re1 Nf5 33. Bd1 Nxd4 34. cxd4 Rf4 35. Be2 Rxd4 36. Rd1 Rf4 37. Rd3 Re4 38. Rd2 d4 39. Kf2 Rf4+ 40. Kg1 Ke7 41. Bc4 Bf3 42. Rf2 g5 43. Rc2 d5 0-1

[Event "Mallorca-chT Preferente"]
[Site "Palma de Mallorca"]
[Date "2001.01.27"]
[Round "3.5"]
[White "Sabater Moner, Guillermo"]
[Black "Astorga Talavera, Juan Manuel"]
[Result "1-0"]
[WhiteElo "2197"]
[BlackElo "1999"]
[PlyCount "79"]
[EventDate "2001.01.13"]
[EventType "team-tourn"]
[EventRounds "14"]
[EventCountry "ESP"]
[SourceTitle "EXT 2002"]
[Source "ChessBase"]
[SourceDate "2001.11.25"]
[SourceVersion "1"]
[SourceVersionDate "2001.11.25"]
[SourceQuality "1"]

1. Nf3 Nf6 2. c4 e6 3. g3 d5 4. Bg2 Be7 5. 0-0 0-0 6. d4 Nbd7 7. Qc2 Ne4 8. cxd5 exd5 9. Nc3 Nxc3 10. bxc3 Nf6 11. Ne5 c6 12. Bg5 Nd7 13. Bxe7 Qxe7 14. Nxd7 Bxd7 15. e4 dxe4 16. Qxe4 Qxe4 17. Bxe4 Rad8 18. a4 Rfe8 19. Bf3 g5 20. a5 g4 21. Bg2 Re2 22. Rfb1 Bc8 23. a6 b6 24. Bxc6 Bd7 25. Bxd7 Rxd7 26. Rxb6 axb6 27. a7 Re1+ 28. Rxe1 Rxa7 29. Rb1 Ra3 30. c4 Ra4 31. Rc1 b5 32. cxb5 Rxd4 33. Rb1 Rd7 34. b6 Rb7 35. Kf1 Kg7 36. Ke2 Kf6 37. Kd3 Ke5 38. Kc4 Kd6 39. Kb5 Kd7 40. Rc1 1-0

[Event "Mallorca-chT Preferente"]
[Site "Palma de Mallorca"]
[Date "2001.01.13"]
[Round "1.4"]
[White "Astorga Talavera, Juan Manuel"]
[Black "Pulido Sancho, Alfredo"]
[Result "1-0"]
[WhiteElo "1999"]
[BlackElo "2086"]
[PlyCount "101"]
[EventDate "2001.01.13"]
[EventType "team-tourn"]
[EventRounds "14"]
[EventCountry "ESP"]
[SourceTitle "EXT 2002"]
[Source "ChessBase"]
[SourceDate "2001.11.25"]
[SourceVersion "1"]
[SourceVersionDate "2001.11.25"]
[SourceQuality "1"]

1. d4 Nf6 2. Nf3 e6 3. Bg5 c5 4. c3 cxd4 5. Nxd4 Be7 6. e3 Nc6 7. Nd2 d5 8. Be2 0-0 9. 0-0 h6 10. Bh4 e5 11. N4b3 d4 12. cxd4 exd4 13. Nc4 dxe3 14. Nxe3 Be6 15. Bc4 Bxc4 16. Nxc4 Qxd1 17. Raxd1 Rfd8 18. a3 b5 19. Ne3 Rxd1 20. Rxd1 Rd8 21. Rxd8+ Bxd8 22. Kf1 g5 23. Bg3 Ne4 24. Nd5 Nxg3+ 25. hxg3 Ne5 26. Nd4 a6 27. b3 Nd7 28. Nc6 Bf6 29. Nxf6+ Nxf6 30. Ke2 Ne4 31. Ke3 Nc5 32. b4 Ne6 33. Nb8 Nc7 34. Kd4 f5 35. Ke5 Kf7 36. Kxf5 Kg7 37. f4 gxf4 38. gxf4 Kf7 39. Ke5 Ke7 40. g4 Kf8 41. g5 hxg5 42. fxg5 Kf7 43. Kd6 Ne6 44. g6+ Kf6 45. g7 Nxg7 46. Nxa6 Ne6 47. Nc7 Nd4 48. Kc5 Nc2 49. Nxb5 Ke7 50. a4 Kd7 51. Nd4 1-0